Creating excellent buildings (Record no. 111903)

MARC details
000 -LEADER
fixed length control field 00926cad a22001935a 4500
001 - CONTROL NUMBER
control field L152162
008 - FIXED-LENGTH DATA ELEMENTS--GENERAL INFORMATION
fixed length control field 110204s2011 xxk f 000 0 eng d
035 ## - SYSTEM CONTROL NUMBER
System control number (Sirsi) u152162
041 0# - LANGUAGE CODE
Language code of text/sound track or separate title eng
110 2# - MAIN ENTRY--CORPORATE NAME
Corporate name or jurisdiction name as entry element Commission for Architecture and the Built Environment
9 (RLIN) 4058
245 00 - TITLE STATEMENT
Title Creating excellent buildings
Remainder of title a guide for clients
Medium [electronic resource]
260 ## - PUBLICATION, DISTRIBUTION, ETC.
Place of publication, distribution, etc. London
Name of publisher, distributor, etc. CABE
Date of publication, distribution, etc. 2011
520 ## - SUMMARY, ETC.
Summary, etc. Online advice for people commissioning and managing building projects, including clients from the public, private and voluntary sectors as well as their design and construction teams; procurement, preparation, design, construction, defects.
590 ## - LOCAL NOTE (RLIN)
Local note KA NTK
651 #4 - SUBJECT ADDED ENTRY--GEOGRAPHIC NAME
Geographic name England
Chronological subdivision 886-
690 ## - LOCAL SUBJECT ADDED ENTRY--TOPICAL TERM (OCLC, RLIN)
Topical term or geographic name as entry element Project management
9 (RLIN) 6261
856 40 - ELECTRONIC LOCATION AND ACCESS
Uniform Resource Identifier <a href="https://webarchive.nationalarchives.gov.uk/20110118095356/http:/www.cabe.org.uk/buildings">https://webarchive.nationalarchives.gov.uk/20110118095356/http:/www.cabe.org.uk/buildings</a>
Public note View this item free of charge at webarchive.nationalarchives.gov.uk
942 ## - ADDED ENTRY ELEMENTS (KOHA)
Suppress in OPAC 0
Holdings
Withdrawn status Lost status Source of classification or shelving scheme Damaged status Not for loan Home library Current library Shelving location Date acquired Total Checkouts Full call number Barcode Date last seen Copy number Price effective from Koha item type
    Dewey Decimal Classification     Virtual Virtual Online 04/02/2011   ONLINE PUBLICATION 152162-1001 06/08/2019 1 06/08/2019 Book